000
00289nam a22001337a 4500
008
170504b xxu||||| |||| 00| 0 eng d
020
_a
9780495092131
041
_a
eng
080
_a
343.9
100
_a
15
101
_a
SHJ
245
_a
ORGANIZED CRIME
_c
ABADINSKY, H
942
_2
udc
_c
BK
999
_c
12718
_d
12718